[Event "Guillermo Garcia Memorial op"]
[Site "Santa Clara"]
[Date "2022.05.07"]
[Round "7"]
[White "Carballo Jacquez, Emmanuel"]
[Black "Werren, Hugo"]
[Result "1-0"]
[WhiteElo "1671"]
[BlackElo "1537"]
[PlyCount "29"]
[EventDate "2022.04.30"]
[EventType "swiss"]
[EventRounds "9"]
[EventCountry "CUB"]
[SourceTitle "CBM 208 Extra"]
[Source "ChessBase"]
[SourceDate "2022.07.31"]
[SourceVersion "1"]
[SourceVersionDate "2022.07.31"]
[SourceQuality "1"]

1. e4 d6 2. d4 e5 3. Nf3 Nd7 4. Bc4 Be7 5. dxe5 Nxe5 6. Nxe5 dxe5 7. Qh5 Bb4+ 8. c3 Bxc3+ 9. Nxc3 g6 10. Qxe5+ Qe7 11. Qxh8 Qf8 12. Nd5 Rb8 13. Bg5 Qc5 14. Qxg8+ Qf8 15. Nf6+ 1-0

[Event "Guillermo Garcia Memorial op"]
[Site "Santa Clara"]
[Date "2022.05.06"]
[Round "6"]
[White "Werren, Hugo"]
[Black "Baeza, Patricio"]
[Result "0-1"]
[WhiteElo "1537"]
[BlackElo "1711"]
[PlyCount "62"]
[EventDate "2022.04.30"]
[EventType "swiss"]
[EventRounds "9"]
[EventCountry "CUB"]
[SourceTitle "CBM 208 Extra"]
[Source "ChessBase"]
[SourceDate "2022.07.31"]
[SourceVersion "1"]
[SourceVersionDate "2022.07.31"]
[SourceQuality "1"]

1. d4 Nf6 2. Bf4 d5 3. Nf3 c5 4. e3 Nc6 5. c3 Qb6 6. Qb3 c4 7. Qxb6 axb6 8. Nbd2 Bf5 9. b3 b5 10. Be2 e6 11. 0-0 h6 12. b4 Be7 13. Bd1 Ra3 14. Nb1 Bxb1 15. Rxb1 Ne4 16. Rb2 Nxc3 17. Ne5 Rxa2 18. Rxa2 Nxa2 19. Bc2 Naxb4 20. Nxc6 Nxc6 21. Ra1 0-0 22. Bc7 b4 23. Bb6 b3 24. Bb1 c3 25. Bc5 Bxc5 26. dxc5 c2 27. Bxc2 bxc2 28. Kf1 Nb4 29. Ke2 Rc8 30. Kd2 Rxc5 31. Rc1 b5 0-1

[Event "Guillermo Garcia Memorial op 28th"]
[Site "Santa Clara"]
[Date "2019.04.25"]
[Round "3"]
[White "Werren, Hugo"]
[Black "Rodriguez Naranjo, Diosbel Manue"]
[Result "0-1"]
[WhiteElo "1570"]
[BlackElo "1868"]
[PlyCount "48"]
[EventDate "2019.04.23"]
[EventType "swiss"]
[EventRounds "9"]
[EventCountry "CUB"]
[SourceTitle "EXT 2020"]
[Source "ChessBase"]
[SourceDate "2019.10.17"]
[SourceVersion "1"]
[SourceVersionDate "2019.10.17"]
[SourceQuality "1"]

1. d4 Nf6 2. Bg5 g6 3. Bxf6 exf6 4. Nf3 Bg7 5. c4 0-0 6. e3 d6 7. Bd3 Nd7 8. Nc3 f5 9. 0-0 Re8 10. Rc1 Nf6 11. b4 Bd7 12. a4 Ne4 13. b5 a6 14. Nd2 Nxc3 15. Rxc3 f4 16. Qf3 axb5 17. Qxf4 bxa4 18. Ra1 Qf6 19. g3 Qxf4 20. gxf4 c5 21. Rca3 cxd4 22. Rb1 dxe3 23. fxe3 Rxe3 24. Rxb7 Bd4 0-1

[Event "Guillermo Garcia Memorial op 28th"]
[Site "Santa Clara"]
[Date "2019.04.23"]
[Round "1"]
[White "Werren, Hugo"]
[Black "Gutierrez Espinosa, Karen"]
[Result "0-1"]
[WhiteElo "1570"]
[BlackElo "2088"]
[PlyCount "86"]
[EventDate "2019.04.23"]
[EventType "swiss"]
[EventRounds "9"]
[EventCountry "CUB"]
[SourceTitle "EXT 2020"]
[Source "ChessBase"]
[SourceDate "2019.10.17"]
[SourceVersion "1"]
[SourceVersionDate "2019.10.17"]
[SourceQuality "1"]

1. d4 Nf6 2. c4 e6 3. Nf3 Bb4+ 4. Bd2 Bxd2+ 5. Nbxd2 d5 6. e3 0-0 7. Bd3 b6 8. 0-0 Nbd7 9. Qc2 h6 10. b4 dxc4 11. Nxc4 c5 12. bxc5 bxc5 13. Nd6 cxd4 14. Nxd4 Ne5 15. Ne4 Nxd3 16. Qxd3 e5 17. Nxf6+ Qxf6 18. Qe4 Ba6 19. Rfd1 exd4 20. Rxd4 Rad8 21. Rad1 Rxd4 22. exd4 Qe6 23. Qxe6 fxe6 24. f3 Rd8 25. Kf2 Bc4 26. a3 e5 27. Ke3 exd4+ 28. Rxd4 Rxd4 29. Kxd4 Bf1 30. g3 Kf7 31. Ke5 Bg2 32. f4 Kg6 33. Ke6 Bh3+ 34. Ke5 Kh5 35. a4 a5 36. Kd5 Bd7 37. Kc5 Bxa4 38. Kb6 Kg4 39. Kxa5 Bc2 40. Kb5 Kh3 41. Kc5 Kxh2 42. g4 Kg3 43. g5 h5 0-1

[Event "Guillermo Garcia Memorial op 27th"]
[Site "Santa Clara"]
[Date "2018.05.30"]
[Round "8"]
[White "Castano, Saray"]
[Black "Werren, Hugo"]
[Result "1-0"]
[WhiteElo "1582"]
[BlackElo "1639"]
[PlyCount "44"]
[EventDate "2018.05.22"]
[EventType "swiss"]
[EventRounds "9"]
[EventCountry "CUB"]
[SourceTitle "CBM 184 Extra"]
[Source "ChessBase"]
[SourceDate "2018.06.28"]
[SourceVersion "1"]
[SourceVersionDate "2018.06.28"]
[SourceQuality "1"]

1. e4 d6 2. d4 Nf6 3. Nc3 e5 4. Nf3 Nbd7 5. Bc4 Be7 6. h3 c6 7. Bb3 exd4 8. Nxd4 Nc5 9. Qe2 Nxb3 10. Nxb3 Be6 11. 0-0 0-0 12. Nd4 Qd7 13. Re1 d5 14. exd5 Nxd5 15. Nxd5 cxd5 16. Nxe6 fxe6 17. Qxe6+ Qxe6 18. Rxe6 Bc5 19. Re2 Rae8 20. Rxe8 Bxf2+ 21. Kf1 Bc5+ 22. Rxf8+ Bxf8 1-0

[Event "Guillermo Garcia Memorial op 27th"]
[Site "Santa Clara"]
[Date "2018.05.25"]
[Round "4"]
[White "Rodriguez Naranjo, Yoilant"]
[Black "Werren, Hugo"]
[Result "1-0"]
[WhiteElo "1735"]
[BlackElo "1639"]
[PlyCount "85"]
[EventDate "2018.05.22"]
[EventType "swiss"]
[EventRounds "9"]
[EventCountry "CUB"]
[SourceTitle "CBM 184 Extra"]
[Source "ChessBase"]
[SourceDate "2018.06.28"]
[SourceVersion "1"]
[SourceVersionDate "2018.06.28"]
[SourceQuality "1"]

1. c4 d6 2. g3 g6 3. Nc3 Bg7 4. Bg2 e5 5. b3 c6 6. Bb2 Ne7 7. e3 a5 8. Nge2 Na6 9. 0-0 0-0 10. Ne4 f5 11. Ng5 Nb4 12. d3 d5 13. a3 Na6 14. Qc2 c5 15. cxd5 Nxd5 16. Qc4 Qxg5 17. Qxd5+ Kh8 18. Bxe5 Bxe5 19. Qxe5+ Qf6 20. Qxf6+ Rxf6 21. Nf4 Nc7 22. Rfc1 Ne6 23. Nxe6 Bxe6 24. Rxc5 Bxb3 25. Rb1 Rb6 26. Rc7 Rb8 27. Rbc1 a4 28. Rc8+ Rxc8 29. Rxc8+ Kg7 30. Rc7+ Kh6 31. Rxb7 Rxb7 32. Bxb7 Kg7 33. Kf1 Kf6 34. Ke2 Ke6 35. Kd2 h5 36. Kc3 g5 37. Bc6 Ke5 38. d4+ Kd6 39. Be8 h4 40. Kb4 Kd5 41. Bf7+ Ke4 42. Bxb3 axb3 43. Kxb3 1-0

[Event "Capablanca Memorial op 53rd"]
[Site "Havana"]
[Date "2018.05.12"]
[Round "4"]
[White "Cabrera Ladron de Guevara, Mayra"]
[Black "Werren, Hugo"]
[Result "1-0"]
[WhiteElo "2103"]
[BlackElo "1639"]
[PlyCount "53"]
[EventDate "2018.05.09"]
[EventType "swiss"]
[EventRounds "10"]
[EventCountry "CUB"]
[SourceTitle "EXT 2021"]
[Source "ChessBase"]
[SourceDate "2020.10.23"]
[SourceVersion "1"]
[SourceVersionDate "2020.10.23"]
[SourceQuality "1"]

1. e4 c5 2. Nf3 d6 3. d4 cxd4 4. Nxd4 g6 5. Nc3 Bg7 6. Be3 Nf6 7. Bc4 Nc6 8. f3 0-0 9. Bb3 Bd7 10. Qd2 a6 11. 0-0-0 Na5 12. Kb1 Nxb3 13. cxb3 b5 14. h4 b4 15. Nce2 a5 16. Bh6 Qb6 17. Bxg7 Kxg7 18. h5 Nxh5 19. g4 h6 20. gxh5 g5 21. f4 f6 22. Ng3 e5 23. Ndf5+ Bxf5 24. Nxf5+ Kh7 25. fxg5 fxg5 26. Qxd6 Qxd6 27. Rxd6 1-0

[Event "Capablanca Memorial op 52nd"]
[Site "Matanzas"]
[Date "2017.05.27"]
[Round "1"]
[White "Picado, Jorge Luis"]
[Black "Werren, Hugo"]
[Result "1-0"]
[WhiteElo "2124"]
[BlackElo "1669"]
[PlyCount "45"]
[EventDate "2017.05.27"]
[EventType "swiss"]
[EventRounds "10"]
[EventCountry "CUB"]
[SourceTitle "EXT 2018"]
[Source "ChessBase"]
[SourceDate "2017.10.13"]
[SourceVersion "1"]
[SourceVersionDate "2017.10.13"]
[SourceQuality "1"]

1. c4 e5 2. Nc3 Nf6 3. g3 c6 4. Bg2 d5 5. cxd5 Nxd5 6. d3 Bb4 7. Bd2 0-0 8. Nf3 Re8 9. Nxd5 Bxd2+ 10. Nxd2 cxd5 11. Qb3 Qb6 12. Bxd5 Qxb3 13. Nxb3 Nc6 14. a3 Be6 15. Bxe6 Rxe6 16. Rc1 Rc8 17. Kd2 Re7 18. Rc2 b6 19. Rhc1 Rec7 20. e3 Kf8 21. d4 exd4 22. exd4 Nxd4 23. Nxd4 1-0

[Event "Capablanca Memorial op 51st"]
[Site "Varadero"]
[Date "2016.06.10"]
[Round "2"]
[White "Werren, Hugo"]
[Black "Ojeda Lago, Ariadna"]
[Result "0-1"]
[WhiteElo "1695"]
[BlackElo "2011"]
[PlyCount "68"]
[EventDate "2016.06.09"]
[EventType "swiss"]
[EventRounds "10"]
[EventCountry "CUB"]
[SourceTitle "EXT 2017"]
[Source "ChessBase"]
[SourceDate "2016.10.25"]
[SourceVersion "1"]
[SourceVersionDate "2016.10.25"]
[SourceQuality "1"]

1. d4 Nf6 2. c4 c5 3. d5 b5 4. b3 g6 5. Nd2 Bg7 6. Bb2 Bb7 7. e4 d6 8. cxb5 0-0 9. Bd3 e6 10. dxe6 fxe6 11. f3 d5 12. Qc2 Nbd7 13. Nh3 Qb6 14. a4 Rac8 15. e5 Nh5 16. Bxg6 hxg6 17. Qxg6 Nf4 18. Nxf4 Rxf4 19. g3 Nf8 20. Qd3 Rf7 21. f4 c4 22. bxc4 dxc4 23. Nxc4 Rxc4 24. Qxc4 Bxh1 25. Bd4 Qb7 26. Kf2 Rc7 27. Qe2 Rc2 28. Qxc2 Qg2+ 29. Ke3 Qxc2 30. Rxh1 Qxa4 31. Ra1 Qxb5 32. Rxa7 Qb3+ 33. Ke4 Qc4 34. g4 Qe2+ 0-1